El anticristo (Record no. 186069)

MARC details
000 -LEADER
campo de control de longitud fija 00924nam a2200241 i 4500
001 - NÚMERO DE CONTROL
campo de control 186069
003 - IDENTIFICADOR DE NÚMERO DE CONTROL
campo de control SpMaBN
005 - FECHA Y HORA DE LA ÚLTIMA TRANSACCIÓN
campo de control 20250804062606.0
008 - DATOS DE LONGITUD FIJA--INFORMACIÓN GENERAL
campo de control de longitud fija 160906s1978 sp |||| | spa d
020 ## - NÚMERO INTERNACIONAL ESTÁNDAR DEL LIBRO
Número Internacional Estándar del Libro 84-206-1507-2
080 ## - NÚMERO DE LA CLASIFICACIÓN DECIMAL UNIVERSAL
Número de la Clasificación Decimal Universal 239
100 1# - ENTRADA PRINCIPAL--NOMBRE DE PERSONA
Nombre de persona Nietzsche, Friedrich,
Fechas asociadas al nombre 1844-1900
9 (RLIN) 85718
245 13 - MENCIÓN DEL TÍTULO
Título El anticristo
Resto del título : maldición sobre el cristianismo /
Mención de responsabilidad, etc. Friedrich Nietzsche ; introducción, traducción y notas de Andrés Sánchez Pascual.
250 ## - MENCION DE EDICION
Mención de edición 4ª ed. en "El libro de bolsillo".
260 ## - PUBLICACIÓN, DISTRIBUCIÓN, ETC.
Lugar de publicación, distribución, etc. Madrid :
Nombre del editor, distribuidor, etc. Alianza Editorial,
Fecha de publicación, distribución, etc. 1978.
300 ## - DESCRIPCIÓN FÍSICA
Extensión 159 p. ;
Dimensiones 18 cm.
490 1# - MENCIÓN DE SERIE
Mención de serie El libro de bolsillo ;
Designación de volumen o secuencia 507.
Mención de serie Humanidades
650 07 - PUNTO DE ACCESO ADICIONAL DE MATERIA--TÉRMINO DE MATERIA
Término de materia o nombre geográfico como elemento de entrada Cristianismo-
Subdivisión de forma Obras de controversia.
9 (RLIN) 11431
700 1# - ENTRADA AGREGADA--NOMBRE PERSONAL
Nombre de persona Sánchez Pascual, Andrés.
9 (RLIN) 102833
830 03 - PUNTO DE ACCESO ADICIONAL DE SERIE-TÍTULO UNIFORME
Título uniforme El libro de bolsillo.
Nombre de parte o sección de la obra Humanidades
Designación de volumen o secuencia 507.
9 (RLIN) 178672
852 ## - LOCALIZACIÓN
Ubicación ES-MaACL
Número de control de estantería L-30635
Nota libre . - Donat. Miguel A. Velasco
Holdings
Estatus retirado Estado de pérdida Estado de daño No para préstamo Biblioteca de origen Biblioteca actual Ubicación en estantería Fecha de adquisición Fuente de adquisición Total de préstamos Signatura topográfica completa Código de barras Visto por última vez Precio de reemplazo Tipo de ítem Koha
        Biblioteca del Ateneo de Madrid Biblioteca del Ateneo de Madrid Depósito 2 06/09/2016     L-30635 1196172 23/02/2023 23/02/2023 Libro impreso